000 00431nam a2200157Ia 4500
003 GCL
008 140319s9999 xx 000 0 ara d
040 _aGCL /
_cGCL
082 0 4 _aد
_b050
100 1 _aمحمد محمد فياض
245 1 0 _aغرائز الحيوانات (اقرا 48 ) /
_cمحمد محمد فياض
300 _a120
490 _aاقرأ
_v0
650 0 4 _aالحيوانات - تربية
942 _2ddc
_cBK
999 _c48673
_d48673